| 000 | 00532nam a2200193Ia 4500 | ||
|---|---|---|---|
| 003 | GCL | ||
| 008 | 140319s9999 xx 000 0 ara d | ||
| 040 |
_aGCL / _cGCL |
||
| 082 | 0 | 4 |
_a371.87 _bع ا |
| 100 | 1 | _aعدلى سليمان | |
| 245 | 1 | 0 |
_aاندية الشباب المدرسية / _cعدلى سليمان |
| 300 | _a143 ص | ||
| 490 |
_aالالف كتاب _v0 |
||
| 650 | 0 | 4 | _aالمدرسة |
| 650 | 0 | 4 | _aالشباب |
| 650 | 0 | 4 | _aالتنشئة الاجتماعية |
| 650 | 0 | 4 | _aالاندية |
| 942 |
_2ddc _cBK |
||
| 999 |
_c45344 _d45344 |
||